[Event "IND-ch 57th"]
[Site "Majitar"]
[Date "2019.12.11"]
[Round "2"]
[White "Shetty, Rahul"]
[Black "Laxman, Rajaram"]
[Result "0-1"]
[WhiteElo "2148"]
[BlackElo "2444"]
[PlyCount "100"]
[EventDate "2019.12.10"]
[EventType "swiss"]
[EventRounds "11"]
[EventCountry "IND"]
[SourceTitle "CBM 193 Extra"]
[Source "ChessBase"]
[SourceDate "2020.01.31"]
[SourceVersion "1"]
[SourceVersionDate "2020.01.31"]
[SourceQuality "1"]

1. Nf3 d5 2. d4 Nf6 3. c4 e6 4. Nc3 Bb4 5. Bg5 h6 6. Bxf6 Qxf6 7. Qa4+ Nc6 8. Ne5 Bd7 9. Nxd7 Qxd4 10. Qc2 Kxd7 11. e3 Qe5 12. cxd5 exd5 13. Be2 Rhd8 14. 0-0 Bxc3 15. bxc3 Ke7 16. Rab1 Rab8 17. Rfd1 Kf8 18. Bf3 Ne7 19. c4 c6 20. cxd5 cxd5 21. Rb4 b6 22. Qa4 Rbc8 23. Rbd4 Qb8 24. g4 Rc5 25. h3 Qc7 26. Qb3 Rc3 27. Qb1 Rc4 28. Qb3 Rxd4 29. Rxd4 Qc5 30. Qd1 g5 31. e4 Nc6 32. Rxd5 Rxd5 33. exd5 Nd4 34. Be4 b5 35. Kg2 a5 36. h4 Qc4 37. hxg5 hxg5 38. Qh1 Ne6 39. Qh7 Nf4+ 40. Kg3 Qc3+ 41. Kh2 Qg7 42. Qf5 Qh6+ 43. Kg1 Qh3 44. Qc8+ Kg7 45. Qc2 Qxg4+ 46. Kf1 Qh3+ 47. Kg1 b4 48. d6 Qg4+ 49. Kf1 Qh3+ 50. Kg1 Qe6 0-1

[Event "Chennai op 10th"]
[Site "Chennai"]
[Date "2018.01.21"]
[Round "5"]
[White "Tran, Tuan Minh"]
[Black "Shetty, Rahul"]
[Result "1-0"]
[WhiteElo "2548"]
[BlackElo "2163"]
[PlyCount "107"]
[EventDate "2018.01.18"]
[EventType "swiss"]
[EventRounds "10"]
[EventCountry "IND"]
[SourceTitle "CBM 182 Extra"]
[Source "ChessBase"]
[SourceDate "2018.02.23"]
[SourceVersion "1"]
[SourceVersionDate "2018.02.23"]
[SourceQuality "1"]

1. d4 Nf6 2. c4 e6 3. Nc3 Bb4 4. e3 0-0 5. Nge2 Re8 6. a3 Bf8 7. Nf4 d6 8. Bd3 e5 9. Nfe2 c6 10. d5 a5 11. 0-0 Na6 12. Rb1 e4 13. Bc2 Bf5 14. b4 axb4 15. axb4 cxd5 16. Nxd5 Rc8 17. Ba4 Nxd5 18. Bxe8 Ndxb4 19. Bb5 Nd3 20. Bb2 Nxb2 21. Rxb2 Nc5 22. Rd2 g6 23. Nd4 Qg5 24. Nxf5 Qxf5 25. Rd5 Qe6 26. Qd2 f5 27. Rd1 Rc7 28. Qa5 Rf7 29. g3 Nd3 30. R1xd3 exd3 31. Qd2 Rc7 32. Qxd3 Rc5 33. Rd4 Kg7 34. Ba4 Be7 35. Bd1 Qd7 36. Be2 Qc6 37. Qd1 Qc7 38. Kg2 b6 39. h4 Qb7+ 40. Bf3 Qa6 41. Qb3 Ra5 42. Rd2 Ra3 43. Qb2+ Bf6 44. Qb4 Be5 45. Rxd6 Bxd6 46. Qxd6 Qa7 47. h5 Ra5 48. Qd4+ Kh6 49. Qf4+ Kg7 50. h6+ Kf6 51. Qd4+ Ke7 52. Qg7+ Kd6 53. Qf6+ Kd7 54. Bd5 1-0

[Event "Chennai op 9th"]
[Site "Chennai"]
[Date "2017.01.21"]
[Round "5"]
[White "Grover, Sahaj"]
[Black "Shetty, Rahul"]
[Result "1-0"]
[WhiteElo "2467"]
[BlackElo "2236"]
[PlyCount "45"]
[EventDate "2017.01.18"]
[EventType "swiss"]
[EventRounds "10"]
[EventCountry "IND"]
[SourceTitle "CBM 176 Extra"]
[Source "ChessBase"]
[SourceDate "2017.03.02"]
[SourceVersion "1"]
[SourceVersionDate "2017.03.02"]
[SourceQuality "1"]

1. d4 Nf6 2. c4 e6 3. Nc3 d5 4. cxd5 exd5 5. Bg5 Be7 6. e3 0-0 7. Bd3 c6 8. Qc2 Nbd7 9. Nf3 Re8 10. h3 Nf8 11. Bf4 Ne6 12. Be5 g6 13. 0-0-0 a6 14. g4 b5 15. h4 Nxg4 16. h5 Nf8 17. hxg6 fxg6 18. Rxh7 Nxe5 19. Nxe5 Kxh7 20. Bxg6+ Kg7 21. Rg1 Kf6 22. Bh7 Ke6 23. Bf5+ 1-0

[Event "Chennai op 7th"]
[Site "Chennai"]
[Date "2014.12.31"]
[Round "2"]
[White "Shetty, Rahul"]
[Black "Karthikeyan, Murali"]
[Result "0-1"]
[WhiteElo "2217"]
[BlackElo "2497"]
[PlyCount "64"]
[EventDate "2014.12.30"]
[EventType "swiss"]
[EventRounds "10"]
[EventCountry "IND"]
[SourceTitle "CBM 164 Extra"]
[Source "ChessBase"]
[SourceDate "2015.03.02"]
[SourceVersion "1"]
[SourceVersionDate "2015.03.02"]
[SourceQuality "1"]

1. Nf3 Nf6 2. c4 e6 3. Nc3 Nc6 4. d4 d6 5. g3 g6 6. Bg2 Bg7 7. 0-0 0-0 8. h3 h6 9. Be3 e5 10. dxe5 dxe5 11. Qc1 Kh7 12. Rd1 Bd7 13. Nd5 Ng8 14. Bc5 Re8 15. e3 Qc8 16. Kh2 e4 17. Nd2 f5 18. f3 Ne5 19. fxe4 Nd3 20. Qc2 Nxc5 21. exf5 Bxf5 22. e4 Be6 23. Nf3 c6 24. Nf4 Bf7 25. Re1 Nd7 26. Rad1 Ne5 27. Nxe5 Bxe5 28. Nd3 Qc7 29. Nxe5 Qxe5 30. b3 Nf6 31. Qf2 Kg7 32. Rd4 Rad8 0-1

[Event "IND-chB 51st"]
[Site "Bhopal"]
[Date "2013.10.15"]
[Round "5"]
[White "Rathnakaran, Kantholi"]
[Black "Shetty, Rahul"]
[Result "1-0"]
[WhiteElo "2428"]
[BlackElo "2255"]
[PlyCount "73"]
[EventDate "2013.10.12"]
[EventType "swiss"]
[EventRounds "13"]
[EventCountry "IND"]
[SourceTitle "EXT 2014"]
[Source "ChessBase"]
[SourceDate "2013.11.20"]
[SourceVersion "1"]
[SourceVersionDate "2013.11.20"]
[SourceQuality "1"]

1. e4 e5 2. Nf3 Nc6 3. Bc4 Nf6 4. d3 Bc5 5. Nc3 d6 6. a3 Nd4 7. Nxd4 Bxd4 8. Ne2 Bb6 9. h3 c6 10. Ng3 d5 11. exd5 cxd5 12. Bb3 h6 13. 0-0 0-0 14. Qf3 Re8 15. Re1 e4 16. dxe4 dxe4 17. Nxe4 Rxe4 18. Rxe4 Nxe4 19. Qxe4 Qd1+ 20. Kh2 Bd7 21. Bxh6 Bc7+ 22. Bf4 Qxa1 23. Bxc7 Re8 24. Be5 Be6 25. Bc3 Qc1 26. f4 g5 27. fxg5 Qxg5 28. Qd4 Qh6 29. Ba4 Rc8 30. Bb5 a6 31. Bd3 b5 32. Qe5 Rd8 33. a4 bxa4 34. Qg3+ Kf8 35. Bb4+ Ke8 36. Bxa6 Qg6 37. Bb5+ 1-0

[Event "Mumbai Mayors Cup 6th"]
[Site "Mumbai"]
[Date "2013.06.01"]
[Round "5"]
[White "Neelotpal, Das"]
[Black "Shetty, Rahul"]
[Result "1/2-1/2"]
[WhiteElo "2461"]
[BlackElo "2243"]
[PlyCount "57"]
[EventDate "2013.05.29"]
[EventType "swiss"]
[EventRounds "11"]
[EventCountry "IND"]
[SourceTitle "CBM 154 Extra"]
[Source "ChessBase"]
[SourceDate "2013.06.25"]
[SourceVersion "2"]
[SourceVersionDate "2013.06.25"]
[SourceQuality "1"]

1. e4 e5 2. Nf3 Nc6 3. Bb5 a6 4. Ba4 Nf6 5. 0-0 Be7 6. d3 b5 7. Bb3 0-0 8. Re1 d6 9. a3 h6 10. Nbd2 Re8 11. Nf1 Bf8 12. Ne3 Nd4 13. Ba2 Be6 14. h3 Bxa2 15. Rxa2 Qd7 16. Nh2 Kh7 17. Nhg4 Nxg4 18. hxg4 Qe6 19. Ra1 g6 20. a4 c6 21. Bd2 Bg7 22. Ra2 Qd7 23. Qa1 Rab8 24. axb5 axb5 25. b4 d5 26. Bc3 Rb7 27. Qb2 Rd8 28. Ra6 Ne6 29. Bd2 1/2-1/2

[Event "IND-chT 33rd"]
[Site "Hyderabad"]
[Date "2013.02.25"]
[Round "8.4"]
[White "Manigandan, SS."]
[Black "Shetty, Rahul"]
[Result "1/2-1/2"]
[WhiteElo "2063"]
[BlackElo "2245"]
[PlyCount "64"]
[EventDate "2013.02.20"]
[EventType "team-swiss"]
[EventRounds "9"]
[EventCountry "IND"]
[SourceTitle "CBM 153 Extra"]
[Source "ChessBase"]
[SourceDate "2013.04.22"]
[SourceVersion "1"]
[SourceVersionDate "2013.04.22"]
[SourceQuality "1"]
[WhiteTeam "Tamil Nadu III"]
[BlackTeam "Air India"]
[WhiteTeamCountry "IND"]
[BlackTeamCountry "IND"]

1. d4 Nf6 2. c4 e6 3. Nf3 b6 4. g3 Ba6 5. Qa4 Bb7 6. Bg2 c5 7. 0-0 Na6 8. Rd1 cxd4 9. Nxd4 Nc5 10. Qc2 Bxg2 11. Kxg2 Qc8 12. Bf4 a6 13. Nc3 d6 14. Bg5 Be7 15. Rac1 Qb7+ 16. Kg1 Rc8 17. Bxf6 Bxf6 18. b4 Nd7 19. Qe4 Qxe4 20. Nxe4 Ke7 21. Nb3 Rc6 22. c5 dxc5 23. bxc5 Nxc5 24. Nbxc5 bxc5 25. Rxc5 Rxc5 26. Nxc5 Rd8 27. Rb1 a5 28. Rb7+ Ke8 29. Ra7 Rd2 30. Ra8+ Ke7 31. Ra7+ Ke8 32. Ra8+ Ke7 1/2-1/2

[Event "Chennai op 5th"]
[Site "Chennai"]
[Date "2013.01.23"]
[Round "11"]
[White "Shetty, Rahul"]
[Black "Dzhumaev, Marat"]
[Result "0-1"]
[WhiteElo "2248"]
[BlackElo "2554"]
[PlyCount "64"]
[EventDate "2013.01.16"]
[EventType "swiss"]
[EventRounds "11"]
[EventCountry "IND"]
[SourceTitle "CBM 152 Extra"]
[Source "ChessBase"]
[SourceDate "2013.02.25"]
[SourceVersion "1"]
[SourceVersionDate "2013.02.25"]
[SourceQuality "1"]

1. d4 Nf6 2. Nf3 g6 3. Bg5 Bg7 4. Nbd2 c5 5. e3 d6 6. Bd3 0-0 7. 0-0 Nbd7 8. Re1 h6 9. Bh4 b6 10. c3 Bb7 11. b4 cxb4 12. cxb4 e5 13. e4 exd4 14. Nxd4 Rc8 15. Rb1 Re8 16. Qa4 a6 17. Rbc1 Rxc1 18. Rxc1 b5 19. Qb3 Qb6 20. N4f3 Nh5 21. a4 g5 22. Bg3 Ndf6 23. axb5 axb5 24. Qd1 Nxg3 25. hxg3 Ng4 26. Qe2 d5 27. Rc5 dxe4 28. Bxb5 Re7 29. Nb3 e3 30. fxe3 Rxe3 31. Qd1 Bf8 32. Bf1 Rxb3 0-1

[Event "Chennai op 5th"]
[Site "Chennai"]
[Date "2013.01.20"]
[Round "8"]
[White "Murshed, Niaz"]
[Black "Shetty, Rahul"]
[Result "1-0"]
[WhiteElo "2476"]
[BlackElo "2248"]
[PlyCount "115"]
[EventDate "2013.01.16"]
[EventType "swiss"]
[EventRounds "11"]
[EventCountry "IND"]
[SourceTitle "CBM 152 Extra"]
[Source "ChessBase"]
[SourceDate "2013.02.25"]
[SourceVersion "1"]
[SourceVersionDate "2013.02.25"]
[SourceQuality "1"]

1. d4 Nf6 2. c4 e6 3. Nf3 b6 4. g3 Ba6 5. Qb3 Nc6 6. Nbd2 Bb7 7. e4 d5 8. cxd5 exd5 9. e5 Ne4 10. Bd3 Bb4 11. 0-0 Nxd2 12. Nxd2 0-0 13. Nf3 f5 14. Bf4 Be7 15. h4 Qd7 16. Qa4 Nxe5 17. Qxd7 Nxd7 18. Bxc7 Rac8 19. Rac1 g6 20. Bb5 Nf6 21. a3 a6 22. Bd3 b5 23. Ne5 Ne8 24. Bb6 Nd6 25. Bc5 Rfd8 26. b3 Bf6 27. Bxd6 Rxd6 28. Rxc8+ Bxc8 29. Rc1 Bd7 30. Rc7 Be8 31. Kf1 f4 32. gxf4 Bxh4 33. f5 gxf5 34. Bxf5 Rf6 35. Ng4 Rc6 36. Bxh7+ Kf8 37. Rxc6 Bxc6 38. Ne5 Be8 39. Bg6 Be7 40. Bxe8 Kxe8 41. a4 bxa4 42. bxa4 Bd8 43. Ke2 Bb6 44. Ke3 Ke7 45. Nd3 a5 46. Nf4 Kd6 47. Ne2 Ke6 48. Kf4 Bd8 49. Nc3 Bf6 50. Nb5 Bh4 51. Kf3 Bf6 52. Kg4 Bh8 53. Kg5 Ke7 54. Kg6 Ke6 55. f4 Ke7 56. f5 Bf6 57. Na7 Bh8 58. Nc6+ 1-0

[Event "IND-ch Challengers 50th"]
[Site "Tirupati"]
[Date "2012.05.21"]
[Round "5.22"]
[White "Chakravarthi, YVK"]
[Black "Shetty, Rahul"]
[Result "1-0"]
[WhiteElo "2057"]
[BlackElo "2242"]
[PlyCount "113"]
[EventDate "2012.05.18"]
[EventType "swiss"]
[EventRounds "13"]
[EventCountry "IND"]
[SourceTitle "CBM 148 Extra"]
[Source "ChessBase"]
[SourceDate "2012.06.22"]
[SourceVersion "1"]
[SourceVersionDate "2012.06.22"]
[SourceQuality "1"]

1. d4 Nf6 2. c4 e6 3. Nc3 Bb4 4. Qc2 c5 5. dxc5 0-0 6. a3 Bxc5 7. Nf3 b6 8. Bg5 Bb7 9. e4 h6 10. Bh4 Be7 11. Be2 Nh5 12. Bxe7 Qxe7 13. Rd1 Nf4 14. 0-0 f5 15. Rfe1 fxe4 16. Nxe4 d5 17. cxd5 exd5 18. Bc4 Qd7 19. Ng3 Nc6 20. Bb5 Rac8 21. Qb3 Qf7 22. Bxc6 Rxc6 23. Ne5 Nh3+ 24. Kh1 Nxf2+ 25. Kg1 Nh3+ 26. Kh1 Qf2 27. Re2 Re6 28. Rxf2 Nxf2+ 29. Kg1 Nxd1 30. Nf3 Ne3 31. Nd4 Re7 32. h3 Rf6 33. Qd3 Bc8 34. b3 Bd7 35. a4 Be8 36. Qd2 Bf7 37. Qd3 Bg6 38. Qd2 Rff7 39. Qc3 Kh7 40. Qd2 Rf8 41. Nc6 Rc7 42. Ne5 Re8 43. Nxg6 Kxg6 44. Qd3+ Kf7 45. Nf5 Rc1+ 46. Kh2 Nf1+ 47. Kg1 Re5 48. Kf2 Kg8 49. Nxh6+ Kf8 50. Qf3+ Ke8 51. Qf7+ Kd8 52. Qf8+ Kd7 53. Qxg7+ Re7 54. Qg4+ Kc6 55. Nf5 Rd7 56. Nd4+ Kc5 57. b4+ 1-0

[Event "IND-ch Challengers 50th"]
[Site "Tirupati"]
[Date "2012.05.19"]
[Round "3.3"]
[White "Debashis, Das"]
[Black "Shetty, Rahul"]
[Result "1-0"]
[WhiteElo "2425"]
[BlackElo "2242"]
[PlyCount "59"]
[EventDate "2012.05.18"]
[EventType "swiss"]
[EventRounds "13"]
[EventCountry "IND"]
[SourceTitle "CBM 148 Extra"]
[Source "ChessBase"]
[SourceDate "2012.06.22"]
[SourceVersion "1"]
[SourceVersionDate "2012.06.22"]
[SourceQuality "1"]

1. d4 Nf6 2. c4 e6 3. Nc3 Bb4 4. Nf3 c5 5. dxc5 0-0 6. a3 Bxc5 7. Qc2 b6 8. Bg5 h6 9. Bh4 Bb7 10. Rd1 Be7 11. e4 Nc6 12. Be2 Qb8 13. 0-0 Rd8 14. Rd2 d6 15. Rfd1 a6 16. b4 Na7 17. c5 bxc5 18. bxc5 Qc7 19. cxd6 Rxd6 20. Nd4 Rdd8 21. Qb3 Rac8 22. Rc2 Nc6 23. Nxc6 Rxd1+ 24. Nxd1 Bxc6 25. Bxa6 Qa5 26. Bxf6 Bxf6 27. Bf1 Bd4 28. Rc4 Qa7 29. Qc2 Qd7 30. a4 1-0

[Event "IND-chB 49th"]
[Site "Aurangabad"]
[Date "2011.06.23"]
[Round "10"]
[White "Shetty, Rahul"]
[Black "Praveen Kumar, Chandrasekar"]
[Result "0-1"]
[WhiteElo "2261"]
[BlackElo "2358"]
[PlyCount "130"]
[EventDate "2011.06.16"]
[EventType "swiss"]
[EventRounds "13"]
[EventCountry "IND"]
[SourceTitle "CBM 143 Extra"]
[Source "ChessBase"]
[SourceDate "2011.08.29"]
[SourceVersion "1"]
[SourceVersionDate "2011.08.29"]
[SourceQuality "1"]

1. d4 e6 2. Nf3 Nf6 3. g3 b6 4. Bg2 Bb7 5. c4 Be7 6. 0-0 0-0 7. Nc3 Ne4 8. Bd2 d6 9. Rc1 Nd7 10. Nxe4 Bxe4 11. Ne1 Bxg2 12. Nxg2 c5 13. Bc3 Qc7 14. e4 cxd4 15. Bxd4 Qb7 16. Qe2 Rac8 17. f3 Rfe8 18. b3 d5 19. cxd5 exd5 20. Rxc8 Rxc8 21. Ne3 dxe4 22. Nf5 Bc5 23. Bxc5 Rxc5 24. fxe4 Ne5 25. Rd1 Qc7 26. b4 Rc4 27. a3 g6 28. Nd6 Rc2 29. Qe3 Qd7 30. Qb3 Re2 31. Qc3 Qh3 32. Qc8+ Qxc8 33. Nxc8 Ra2 34. Nxa7 Nf3+ 35. Kf1 Nxh2+ 36. Kg1 Nf3+ 37. Kf1 Rxa3 38. Nc6 Ra2 39. e5 Rc2 40. Rd6 Nd2+ 41. Kg1 Ne4 42. Rd8+ Kg7 43. Nd4 Rb2 44. Rd7 Nxg3 45. Ne6+ Kh6 46. Rxf7 Re2 47. Nf8 Rxe5 48. Rxh7+ Kg5 49. Rg7 Ne2+ 50. Kh2 Nf4 51. Rb7 Rb5 52. Nd7 Nd5 53. Kg3 Rxb4 54. Kf3 Rb3+ 55. Ke2 Kf5 56. Kd2 g5 57. Rb8 g4 58. Re8 g3 59. Re5+ Kf4 60. Rxd5 g2 61. Rd4+ Kg5 62. Rd5+ Kh6 63. Kc2 Rf3 64. Rd6+ Kh7 65. Ne5 Rf2+ 0-1

[Event "Chennai op 3rd"]
[Site "Chennai"]
[Date "2011.01.21"]
[Round "5"]
[White "Joshua, AP."]
[Black "Shetty, Rahul"]
[Result "1/2-1/2"]
[WhiteElo "2001"]
[BlackElo "2284"]
[PlyCount "63"]
[EventDate "2011.01.18"]
[EventType "swiss"]
[EventRounds "11"]
[EventCountry "IND"]
[SourceTitle "CBM 140 Extra"]
[Source "ChessBase"]
[SourceDate "2011.03.01"]
[SourceVersion "1"]
[SourceVersionDate "2011.03.01"]
[SourceQuality "1"]

1. e4 c5 2. c3 Nf6 3. e5 Nd5 4. d4 cxd4 5. Nf3 e6 6. cxd4 d6 7. Bd3 Nd7 8. 0-0 dxe5 9. dxe5 Be7 10. Nc3 Nxc3 11. bxc3 Nc5 12. Bb5+ Bd7 13. Bxd7+ Qxd7 14. Nd4 0-0 15. Qg4 Rfe8 16. Bh6 Bf8 17. Rad1 Qa4 18. f4 Rac8 19. f5 exf5 20. Rxf5 Rc6 21. Be3 Rce6 22. Rdf1 Rxe5 23. Rxf7 Rxe3 24. Rxf8+ Rxf8 25. Rxf8+ Kxf8 26. Qf4+ Kg8 27. Qxe3 h6 28. Nf3 Qd1+ 29. Kf2 Qc2+ 30. Kg1 b6 31. Qe8+ Kh7 32. Ng5+ 1/2-1/2

[Event "Bhubaneswar op 1st"]
[Site "Bhubaneswar"]
[Date "2009.06.08"]
[Round "3"]
[White "Ismagambetov, Anuar"]
[Black "Shetty, Rahul"]
[Result "1-0"]
[WhiteElo "2525"]
[BlackElo "2302"]
[PlyCount "109"]
[EventDate "2009.06.07"]
[EventType "swiss"]
[EventRounds "10"]
[EventCountry "IND"]
[SourceTitle "CBM 130 Extra"]
[Source "ChessBase"]
[SourceDate "2009.07.02"]
[SourceVersion "2"]
[SourceVersionDate "2009.07.15"]
[SourceQuality "1"]

1. e4 e5 2. Nf3 Nc6 3. Bb5 a6 4. Ba4 Nf6 5. Nc3 Bb4 6. Nd5 Bc5 7. 0-0 b5 8. Bb3 d6 9. c3 h6 10. a4 Ba7 11. d3 Be6 12. Be3 0-0 13. Bxa7 Rxa7 14. Nxf6+ Qxf6 15. Bd5 Bd7 16. Bxc6 Bxc6 17. axb5 Bxb5 18. Ra5 c5 19. Qc2 Qd8 20. Rfa1 Qb6 21. Nd2 Rb8 22. h3 g6 23. R1a3 Kg7 24. Qb1 Rf8 25. Qa2 Qb7 26. Qb1 f5 27. b4 cxb4 28. Qxb4 Qc7 29. d4 Rb7 30. dxe5 dxe5 31. c4 Bc6 32. Qc3 fxe4 33. Rxa6 Rd8 34. Qc2 Qd7 35. Nf1 Rc7 36. Ne3 Qd4 37. Ra1 Bb5 38. R6a3 Bc6 39. R3a2 Qd3 40. Qb2 Qd4 41. Qe2 Rf8 42. Rd1 Qc5 43. Qb2 Rb7 44. Qc3 Qe7 45. Ra5 Re8 46. Qa1 h5 47. Ra6 Qc5 48. Ra5 Qe7 49. Rb1 Rxb1+ 50. Qxb1 Rd8 51. Qb2 Rd4 52. Qb8 Qd6 53. Ra7+ Bd7 54. Qd8 Kf7 55. Nd5 1-0

[Event "Mumbai Mayors Cup 2nd"]
[Site "Mumbai"]
[Date "2009.05.04"]
[Round "5"]
[White "Shetty, Rahul"]
[Black "Shyam, Sundar M"]
[Result "1/2-1/2"]
[WhiteElo "2302"]
[BlackElo "2424"]
[PlyCount "56"]
[EventDate "2009.05.01"]
[EventType "swiss"]
[EventRounds "11"]
[EventCountry "IND"]
[SourceTitle "CBM 130 Extra"]
[Source "ChessBase"]
[SourceDate "2009.07.02"]
[SourceVersion "2"]
[SourceVersionDate "2009.07.15"]
[SourceQuality "1"]

1. e4 e6 2. d4 d5 3. Nc3 Bb4 4. e5 c5 5. a3 Bxc3+ 6. bxc3 Ne7 7. Qg4 0-0 8. Bd3 Nbc6 9. Nf3 f5 10. exf6 Rxf6 11. Qh4 h6 12. 0-0 c4 13. Be2 Nf5 14. Qh5 Nd6 15. Ne5 Nxe5 16. Qxe5 Ne4 17. Bg4 Nxc3 18. f3 Bd7 19. Re1 Qb8 20. Bd2 Na4 21. Rab1 c3 22. Be3 b5 23. Bf2 Qxe5 24. Rxe5 Rc8 25. Bh4 Rf4 26. Bf2 Rf6 27. Bh4 Rf4 28. Bf2 Rf6 1/2-1/2

[Event "Arcapita op"]
[Site "Manama"]
[Date "2009.01.31"]
[Round "7"]
[White "Shetty, Rahul"]
[Black "Sulashvili, Malkhaz"]
[Result "1/2-1/2"]
[WhiteElo "2311"]
[BlackElo "2445"]
[PlyCount "87"]
[EventDate "2009.01.24"]
[EventType "swiss"]
[EventRounds "9"]
[EventCountry "BHN"]
[SourceTitle "CBM 128 Extra"]
[Source "ChessBase"]
[SourceDate "2009.03.05"]
[SourceVersion "2"]
[SourceVersionDate "2009.03.25"]
[SourceQuality "1"]

1. e4 c5 2. Nf3 d6 3. d4 cxd4 4. Nxd4 Nf6 5. Nc3 Nc6 6. Bg5 e6 7. Qd2 Qb6 8. 0-0-0 Qxd4 9. Qxd4 Nxd4 10. Rxd4 a6 11. f3 Be7 12. Na4 Nd7 13. Bxe7 Kxe7 14. c4 Nc5 15. Nb6 Rb8 16. Be2 Rd8 17. Rhd1 e5 18. R4d2 Ne6 19. b3 Nd4 20. Bd3 Be6 21. Kb2 g5 22. Rf2 h5 23. g3 Rg8 24. Rc1 Rg6 25. b4 Rf6 26. Rcf1 Kd8 27. f4 gxf4 28. gxf4 Rxf4 29. Rxf4 exf4 30. Rxf4 Nc6 31. Kc3 Ne5 32. Be2 Ke7 33. Nd5+ Bxd5 34. exd5 Rg8 35. h4 Rg3+ 36. Kd4 a5 37. bxa5 Ra3 38. Bxh5 Rxa2 39. c5 Ra4+ 40. Ke3 Rxa5 41. cxd6+ Kxd6 42. Bxf7 Ra3+ 43. Ke2 Ra2+ 44. Ke3 1/2-1/2

[Event "Arcapita op"]
[Site "Manama"]
[Date "2009.01.28"]
[Round "5"]
[White "Shetty, Rahul"]
[Black "Moradiabadi, Elshan"]
[Result "0-1"]
[WhiteElo "2311"]
[BlackElo "2505"]
[PlyCount "68"]
[EventDate "2009.01.24"]
[EventType "swiss"]
[EventRounds "9"]
[EventCountry "BHN"]
[SourceTitle "CBM 128 Extra"]
[Source "ChessBase"]
[SourceDate "2009.03.05"]
[SourceVersion "2"]
[SourceVersionDate "2009.03.25"]
[SourceQuality "1"]

1. e4 c5 2. Nf3 d6 3. d4 cxd4 4. Nxd4 Nf6 5. Nc3 a6 6. Be3 e6 7. f3 b5 8. a4 b4 9. Na2 d5 10. e5 Nfd7 11. f4 Bb7 12. Nc1 Nc5 13. Bd3 Nc6 14. 0-0 Be7 15. Nce2 g6 16. b3 Rc8 17. Nxc6 Bxc6 18. Nd4 0-0 19. Qe2 a5 20. Rad1 Qc7 21. Qg4 Bd7 22. Rf3 f5 23. exf6 Rxf6 24. Bb5 Ne4 25. Bxd7 Qxd7 26. h4 Rc3 27. h5 Bc5 28. Qh4 g5 29. Qg4 Rxe3 30. Rxe3 Rxf4 31. Qh3 g4 32. Qh4 e5 33. c3 bxc3 34. Nc2 g3 0-1